1336 1788 1074 1126 1573 1901 1845 1645 1397 1909 1861 1937 1772 1336 1107 1415 1450 1570 1383 1959 1727 1626 1483 1690 1051 1674 1892 1098 1779 1676 1859 1329 1293 1835 1595 1633 1651 1893 1530 1014 1182 1493 1299 1737 1026 1965 1504 1195 1191 1474 1822 1108 1366 1607 1584 1478 1309 1840 1563 1687 1990 1475 1945 1290 1699 1923 1872 1993 1031 1133 1220 1381 1582 1138 1798 1735 1477 1280 1880 1557 1335 1099 1509 1443 1691 1155 1187 1440 1759 1915 1404 1343 1860 1301 1194 1319 1337 1736 1510 BCNSPRNW ULIB Ver.6.0+V

เปลี่ยนเป็นภาษาไทย

Change to English
 แสดงรายละเอียดบรรณานุกรม
  กลับหน้าหลัก

Brief Record : Get Marc (ISO 2709) : E-mail record : QR code < ปิดหน้าต่าง
LEADER : 00000nam 2200000uu 4500
001    13399126755
003     ULIB
008    190227s2553||||th 000 0 tha d
020    ^a9789749510261
060  4 ^aWB110^bส836ต ล.2
100 0  ^aสุรเกียรติ อาชานานุภาพ.
245 10 ^aตำราการตรวจรักษาโรคทั่วไป 2 :^b350 โรคกับการดูแลรักษาและการป้องกัน /^cสุรเกียรติ อาชานานุภาพ.
250    ^aพิมพ์ครั้งที่ 5 ฉบับปรับปรุง
260    ^aกรุงเทพฯ :^bโฮลิสติก พับลิซซิ่ง,^c2553.
300    ^a1236 หน้า :^bภาพประกอบ;^c27 ซม.
520 1  ^aตำราการตรวจรักษาโรคทั่วไป 2: 350 โรคกับการดูแลรักษาและการป้องกันประกอบด้วย ภาค 3 : โรคตามระบบ ครอบคลุมโรคที่สำคัญและ/หรือโรคที่พบบ่อยกว่า 350 ชนิด ภาคผนวก 4 : วิธีใช้ยาโดยสรุป เน้นหัวข้อ "ขนาด-วิธีใช้"ของยาแต่ละชนิดเพื่อใช้ประกอบกับเนื้อหาเกี่ยวกับการรักษาโรคในภาค 3 ส่วนรายละเอียดเกี่ยวกับการใช้ยาสำหรับหนังสือเล่ม 2 นี้มีจุดมุ่งหมายให้ใช้เป็นหนังสือสำหรับค้นคว้าเพิ่มเติมเกี่ยวกับรายละเอียดของโรคต่างๆ.
650  4 ^aโรค^xการป้องกันและควบคุม.
650  4 ^aการใช้ยา.
945    ^p880^l0^i27136
945    ^p880^l0^i27135
945    ^p880^l0^i27134
945    ^p880^l0^i27133
945    ^p880^l0^i27137
999    ^aกัณชพร จุลอักษร
รายการนี้ยังไม่มีแท็ก
คุณยังไม่ได้ล็อกอิน คุณสามารถมีกิจกรรมร่วมกับเว็บไซต์ได้ แต่ต้องล็อกอินก่อน ::
  ล็อกอิน

รายการสื่อสารสนเทศ

ลำดับที่ ประเภท เลขเรียก/บาร์โค้ด สถานที่ สถานะ
1. หนังสือสำรอง
หนังสือสำรอง
WB110 ส836ต ล.2 ฉ.1 
  Barcode: 27133
ห้องสมุดวิทยาเขตสวรรค์ประชารักษ์
►หนังสือทั่วไป
บนชั้น
2. วิทยาศาสตร์การแพทย์ และสุขภาพ
วิทยาศาสตร์การแพทย์ และสุขภาพ
สถานะ=หนังสือเก่า
WB110 ส836ต ล.2 ฉ.2 
  Barcode: 27134
ห้องสมุดวิทยาเขตนครสวรรค์
►ส่วนจัดเก็บหนังสือเก่า นว.
บนชั้น
  ขอยืม
3. วิทยาศาสตร์การแพทย์ และสุขภาพ
วิทยาศาสตร์การแพทย์ และสุขภาพ
สถานะ=หนังสือเก่า
WB110 ส836ต ล.2 ฉ.3 
  Barcode: 27135
ห้องสมุดวิทยาเขตนครสวรรค์
►ส่วนจัดเก็บหนังสือเก่า นว.
บนชั้น
  ขอยืม
4. วิทยาศาสตร์การแพทย์ และสุขภาพ
วิทยาศาสตร์การแพทย์ และสุขภาพ
สถานะ=หนังสือเก่า
WB110 ส836ต ล.2 ฉ.4 
  Barcode: 27136
ห้องสมุดวิทยาเขตนครสวรรค์
►ส่วนจัดเก็บหนังสือเก่า นว.
บนชั้น
  ขอยืม
5. วิทยาศาสตร์การแพทย์ และสุขภาพ
วิทยาศาสตร์การแพทย์ และสุขภาพ
WB110 ส836ต ล.2 ฉ.5 
  Barcode: 27137
ห้องสมุดวิทยาเขตสวรรค์ประชารักษ์
►หนังสือทั่วไป
ถูกยืม กำหนดส่งวันที่ 17 กันยายน 2568
  จอง

รายการใกล้เคียง
    ผู้แต่ง [สุรเกียรติ อาชานานุภาพ.]

    หัวเรื่อง [การใช้ยา.]

BibComment


ยังไม่เคยถูกคอมเมนท์

คอมเมนท์ทรัพยากรรายการนี้
  คอมเมนท์: ตำราการตรวจรักษา..


 Copyright 2026. Bcnsprnw @Library